Education psychology / (Record no. 147681)
[ view plain ]
| 000 -LEADER | |
|---|---|
| fixed length control field | 00582nam a22001937a 4500 |
| 005 - DATE AND TIME OF LATEST TRANSACTION | |
| control field | 20171122154237.0 |
| 010 ## - LCCN (DPL NO) | |
| LC control number | ENG-121576 |
| 020 ## - INTERNATIONAL STANDARD BOOK NUMBER | |
| International Standard Book Number | 8189102915 |
| Terms of availability | 300.00 |
| 035 ## - SYSTEM CONTROL NUMBER | |
| System control number | EN-105108 |
| 037 ## - SOURCE OF ACQUISITION | |
| Source of stock number/acquisition | DBAD/PUB |
| 082 ## - DEWEY DECIMAL CLASSIFICATION NUMBER | |
| Classification number | 370.15 |
| 100 ## - MAIN ENTRY--PERSONAL NAME | |
| Personal name | Pal, B.K |
| 245 ## - TITLE STATEMENT | |
| Title | Education psychology / |
| Statement of responsibility, etc | by Pal B.K |
| 260 ## - PUBLICATION, DISTRIBUTION, ETC. (IMPRINT) | |
| Place of publication, distribution, etc | Delhi |
| Name of publisher, distributor, etc | Prerna Parkashan |
| Date of publication, distribution, etc | 2011 |
| 270 ## - ADDRESS | |
| Address | C-13, Plot No. : 2, D-5, Rose Apartment, Sector-14 Extn.,Rohini |
| City | Delhi |
| Postal code | 110085 |
| 300 ## - PHYSICAL DESCRIPTION | |
| Extent | 320p. |
| Dimensions | 22cm(pbk) |
| 500 ## - GENERAL NOTE | |
| General note | Includes bibliographical references |
| 942 ## - ADDED ENTRY ELEMENTS (KOHA) | |
| Source of classification or shelving scheme | Dewey Decimal Classification |
| Item type | English Books |
| Classification part | 370.15 |
| Call number suffix | PAL |
| Withdrawn status | Lost status | Not for loan | Collection code | Home library | Current library | Date acquired | Source of acquisition | Cost, normal purchase price | Full call number | Barcode | Copy number | Cost, replacement price | Koha item type |
|---|---|---|---|---|---|---|---|---|---|---|---|---|---|
| Not For Loan | Non-fiction | D.B.Act.Division | Bawana | 22/11/2017 | DBAD/PUB | 300.00 | 370.15 PAL | EN-105108 | 1 | 300.00 | English Books |
